000 00312nam a22001457a 4500
020 _qPB.
040 _cFIZZA ISHAQ
082 _a005.8
_bCHU
100 _aEASTTOM,CHUCK.
_989229
245 _aCOMPUTER SECURITY /
250 _a4th ED.
260 _aCRC,LLC ;
_c2020.
300 _a485 P. ;
942 _2ddc
_cBK
999 _c588034
_d588034